00860cam a2200265 a 450000100100000000500170001000800410002702000150006804000200008308200240010310000360012724500560016325000120021926000370023130000210026849000270028965000280031665000310034483000330037591000280040891000070043604900090044395201270045299900150057900000808420200929154427.0750623s1994 sp 000 f spa d a8432230189 aDO-SdBNPdBNPHU a863.64bM539v, 19941 aMendoza, Eduardo,d1943-92198613aLa verdad sobre el caso Savolta /cEduardo Mendoza. a18a ed. aBarcelona :bSeix Barral,c1994. a463 p. ;c20 cm.0 aBiblioteca de bolsillo 4aNovela española91123 4aLiteratura española9632 0aBiblioteca de bolsillo95816 aCatalogación derivada aWM aBNGR 001054708MOaGRbGRcHDd2009-09-14iLF1l0o863.64 M539v, 1994p8084-10r2020-06-25w2020-06-25y4ZPréstamo en sala c7861d7861